Plantas medicinales : (Registro nro. 2288)

Detalles MARC
000 -CABECERA
Campo de control 01203nam a2200313 a 4500
005 - FECHA Y HORA DE LA ULTIMA TRANSACCION
Campo de control 20160217105307.0
008 - ELEMENTOS DE LONGITUD FIJA—INFORMACION GENERAL
Campo de control 140305b1992 ck ad fr|||| 001 0 spa d
020 ## - ISBN
ISBN 9589530222
040 ## - FUENTE DE CATALOGACIÓN
Agencia catalogadora original CO-BoIAVH
Agencia transcriptora CO-BoIAVH
041 0# - IDIOMA
Código de idioma para texto/pista de sonido o título separado Español
044 ## - PAÍS DE PUBLICACIÓN
País de publicación Colombia
082 04 - NUMERO DE CLASIFICACION DECIMAL DEWEY
Número de clasificación 581.634
Número del ítem P61p
100 1# - ASIENTO PRINCIPAL--NOMBRE PERSONAL
Nombre personal Piñeros Corpas, Jorge
9 (RLIN) 15355
245 1# - MENCION DE TITULO
Título Plantas medicinales :
Parte restante del título (compendio de farmacología vegetal) /
Mención de responsabilidad Jorge Piñeros Corpas, Hernado García Barriga, Alvaro Iregui Borda, Enrique Prias Landinez, Cecilia Perdomo de Castro, Hugo Fernando Puerta
250 ## - MENCION DE EDICION
Mención de edición Segunda edición
260 ## - PUBLICACION, DISTRIBUCION, ETC. (PIE DE IMPRENTA)
Lugar de publicación, distribución, etc. Bogotá :
Nombre del editor, distribuidor, etc. FEDICOR,
Fecha de publicación, distribución, etc. 1992.
300 ## - DESCRIPCION FISICA
Extensión 211 páginas :
Otros detalles físicos Ilustraciones y cuadros ;
Dimensiones 23 cm.
650 16 - ASIENTO SECUNDARIO DE MATERIA - TERMINO TEMATICO
Término temático o nombre geográfico como elemento de entrada Plantas medicinales
9 (RLIN) 60347
650 26 - ASIENTO SECUNDARIO DE MATERIA - TERMINO TEMATICO
Término temático o nombre geográfico como elemento de entrada Medicina tradicional
9 (RLIN) 60348
650 24 - ASIENTO SECUNDARIO DE MATERIA - TERMINO TEMATICO
Término temático o nombre geográfico como elemento de entrada Farmacología
Subdivisión general Vegetal
9 (RLIN) 60349
650 24 - ASIENTO SECUNDARIO DE MATERIA - TERMINO TEMATICO
Término temático o nombre geográfico como elemento de entrada Toxicología
Subdivisión general Vegetal
9 (RLIN) 60350
650 26 - ASIENTO SECUNDARIO DE MATERIA - TERMINO TEMATICO
Término temático o nombre geográfico como elemento de entrada Fitofarmacología
9 (RLIN) 21002
700 1# - ASIENTO SECUNDARIO - NOMBRE PERSONAL
Nombre personal García Barriga, Hernando,
Término de relación autor.
9 (RLIN) 12170
700 1# - ASIENTO SECUNDARIO - NOMBRE PERSONAL
Nombre personal Iregui Borda, Alvaro,
Término de relación autor.
9 (RLIN) 15359
700 1# - ASIENTO SECUNDARIO - NOMBRE PERSONAL
Nombre personal Prias Landinez, Enrique,
Término de relación autor.
9 (RLIN) 15360
700 1# - ASIENTO SECUNDARIO - NOMBRE PERSONAL
Nombre personal Perdomo de Castro, Cecilia,
Término de relación autor.
9 (RLIN) 15361
700 1# - ASIENTO SECUNDARIO - NOMBRE PERSONAL
Nombre personal Puerta, Hugo Fernando,
Término de relación autor.
9 (RLIN) 15362
942 ## - ELEMENTOS ADICIONALES (KOHA)
Tipo de ítem Libro
Sistema de clasificación Dewey Decimal Classification
Existencias
Withdrawn status Lost status Sistema de Clasificación Damaged status No para préstamo Colección Inventariado Ubicación Permanente Ubicación actual Fecha de adquisición Fuente de Valor Valor Total Checkouts Número topográfico Inventario / Código de Barras Date last seen Ejemplar Price effective from Tipo de material Total Renewals Checked out Date checked out
    Dewey Decimal Classification     General Inventariado 2017 Bogotá Bogotá 03/04/2003 Instituto 39000.00 1 LB-581.634 P616p 004884 26/06/2019 Ej. 1 04/12/2012 Libro 1 20/09/2019 26/06/2019
    Dewey Decimal Classification     General Inventariado 2017 Sala Fabio Quevedo Sala Fabio Quevedo 14/05/2001 Instituto 39000.00   LB-581.634 P61p 002859 04/12/2012 Ej. 2 04/12/2012 Libro